000 00757nam a22002057a 4500
001 85803
003 BD-RjUL
005 20251007114951.0
008 251007s1881 pk ||||| |||| 00| 0 urd d
035 _a(BD-RjUL)85803
040 _aBD-RjUL
_beng
_cBD-RjUL
041 _aurd
082 _223
_a891.55109
_bHAH 1881
100 _aحالی پانی پتی، الطاف حسین ;; Hali Panipati, Altaf Hussain
_917097
245 1 0 _aحیات سعدی / Ḥayāt-i Saʿdī /
_cالطاف حسین حالی پانی پتی۔ , Alṭāf Ḥusain Ḥālī Panipati
260 _aLahore :
_bM. Farman Ali book ,
_c1881
600 _aSaʻdī
_xBiography
_917098
650 _aBiography and criticism of individual Persian authors and poets
_917099
942 _2ddc
_cBK
999 _c85803
_d85803